বাংলা একাডেমী বিজ্ঞান বিশ্বকোষ / (Record no. 10133)
[ view plain ]
| 000 -LEADER | |
|---|---|
| fixed length control field | 00709nam a22002177a 4500 |
| 001 - CONTROL NUMBER | |
| JCCL Control Number | 10133 |
| 003 - CONTROL NUMBER IDENTIFIER | |
| JCCL marc code | OSt |
| 005 - DATE AND TIME OF LATEST TRANSACTION | |
| control field | 20180521100830.0 |
| 008 - FIXED-LENGTH DATA ELEMENTS--GENERAL INFORMATION | |
| fixed length control field | 180418b1999 bg ||||| |||| 00| 0 ben d |
| 035 ## - SYSTEM CONTROL NUMBER | |
| system control number | (BD-JhCC)10133 |
| 040 ## - CATALOGING SOURCE | |
| Original cataloging agency | BD-JhCC |
| Modifying agency | BD-JhCC |
| 041 ## - LANGUAGE CODE | |
| Language code of Book | ben |
| 082 ## - DEWEY DECIMAL CLASSIFICATION NUMBER | |
| Classification number | 503 |
| Author mark and Year | ISL 1999 |
| 100 ## - MAIN ENTRY--PERSONAL NAME | |
| Personal name | ইসলাম, এ. কে. এম. নুরুল |
| 245 ## - TITLE STATEMENT | |
| Title | বাংলা একাডেমী বিজ্ঞান বিশ্বকোষ / |
| Statement of responsibility, etc | এ. কে. এম. নুরুল ইসলাম |
| 260 ## - PUBLICATION, DISTRIBUTION, ETC. (IMPRINT) | |
| Place of publication, distribution, etc | ঢাকা : |
| Name of publisher, distributor, etc | বাংলা একাডেমী |
| Date of publication, distribution, etc | 1999. |
| 300 ## - PHYSICAL DESCRIPTION | |
| Pagination | 611 p. : |
| Dimensions | 24 cm. |
| 650 ## - SUBJECT ADDED ENTRY--TOPICAL TERM | |
| Topical term or geographic name as entry element | Science |
| General subdivision | Encyclopedia |
| 942 ## - ADDED ENTRY ELEMENTS (KOHA) | |
| Source of classification or shelving scheme | Dewey Decimal Classification |
| Koha item type | Reference |
| Source of classification or shelving scheme | volume number | Damaged status | Not for loan | Home library | Current library | Shelving location | Date of accession | Cost, normal purchase price | Total Checkouts | Full call number | Barcode | Date last seen | Copy number | Koha item type |
|---|---|---|---|---|---|---|---|---|---|---|---|---|---|---|
| Dewey Decimal Classification | V-2 | JCC Rouf Library | JCC Rouf Library | General Stacks | 04/18/2018 | 300.00 | 503 ISL 1999 | 13239 | 04/18/2018 | C-2 | Reference | |||
| Dewey Decimal Classification | V-3 | JCC Rouf Library | JCC Rouf Library | General Stacks | 04/18/2018 | 400.00 | 503 ISL 1999 | 13240 | 04/18/2018 | C-3 | Reference | |||
| Dewey Decimal Classification | V-4 | JCC Rouf Library | JCC Rouf Library | General Stacks | 04/18/2018 | 700.00 | 503 ISL 1999 | 13272 | 04/18/2018 | C-4 | Reference |